000 00897nam a2200253Ia 4500
003 OSt
005 20220923225049.0
006 a|||||r|||| 00| 0
007 ta
008 220922b |||||||| |||| 00| 0 hin d
024 _a255,974
037 _cTextual
040 _aARTS
_cARTS
_bhin
041 _2hin
_ahin
082 _aO152,3:gN7, L0
100 _aवार्ष्णेय, लक्ष्मीसागर
245 0 _aहिन्दी उपन्यास उपलब्धियॉं
246 _aHindī upanyās upalabdhiyaॉan
260 _aदिल्ली
_b राधाकृष्ण प्रकाशन
_c1970
300 _a142पृ.
_ccm.
650 _aहिन्दी साहित्य
_9156264
942 _hO152,3:gN7, L0
_cTEXL
_2CC
999 _c375774
_d375774